000 00290nam a22001337a 4500
008 170320b xxu||||| |||| 00| 0 eng d
020 _a0898383978
041 _aeng
080 _a618.8
100 _a7
101 _aSHM
245 _aTECHNIEUQES OF NEUROLYSIS
_cRACZ, G.B
942 _2udc
_cBK
999 _c8158
_d8158